Stratégia modrého oceánu pri určovaní hraníc trhu

Stratégia modrého oceánu vystavuje podniky skúške, či sa dokážu vymaniť z neúprosnej a krvavej konkurencie zúriacej vo vodách červeného oceánu, tým si vytvoriť zvrchovaný trhový priestor a zároveň vyradiť konkurentov z hry. Charakteristika červeného a modrého oceánu. Systémový rámec šiestich ciest.

Na minha lista:
Detalhes bibliográficos
Autor principal: Hudáková, Ivana, 1976-
Formato: Capítulo de Livro
Idioma:eslovaco
Assuntos:
Tags: Adicionar Tag
Sem tags, seja o primeiro a adicionar uma tag!

MARC

LEADER 00000naa$a2200000$$$4500
001 0092631
005 20240502072032.0
041 0 |a slo 
044 |a SK 
245 1 0 |a Stratégia modrého oceánu pri určovaní hraníc trhu  |c Ivana Hudáková 
520 |a Stratégia modrého oceánu vystavuje podniky skúške, či sa dokážu vymaniť z neúprosnej a krvavej konkurencie zúriacej vo vodách červeného oceánu, tým si vytvoriť zvrchovaný trhový priestor a zároveň vyradiť konkurentov z hry. Charakteristika červeného a modrého oceánu. Systémový rámec šiestich ciest. 
610 2 0 |a trh 
610 2 0 |a konkurencia 
610 2 0 |a podnik 
610 2 0 |a zákazníci 
610 2 0 |a výrobky 
610 2 0 |a služby 
100 1 |a Hudáková, Ivana, 1976-